000 00644nam a2200133Ia 4500
008 100328s9999 xx 000 0 und d
082 _b65273
100 _aमेहता अभय.
245 _aवज्राघात (एन्रॉनच्या मगरमिठित महाराष्ट्र).
260 _bओरिएंट लाँगमन.
630 _aवज्राघात (एन्रॉनच्या मगरमिठित महाराष्ट्र).
730 _aवज्राघात (एन्रॉनच्या मगरमिठित महाराष्ट्र).
942 _cBOOK
999 _c551020
_d551017